000 00295nam a22001337a 4500
008 170929b xxu||||| |||| 00| 0 eng d
020 _a9781416618683
041 _aeng
080 _a37
100 _a47
101 _aEDU
245 _aLEARNING IN THE FAST LANE
_cROLLINS,S.P
942 _2udc
_cBK
999 _c30884
_d30884